হাইনের কবিতা / (Record no. 62738)
[ view plain ]
| 000 -LEADER | |
|---|---|
| fixed length control field | 00863nam a2200241 a 4500 |
| 001 - CONTROL NUMBER | |
| control field | 62738 |
| 003 - CONTROL NUMBER IDENTIFIER | |
| rucl marc code | BD-RjUL |
| 005 - DATE AND TIME OF LATEST TRANSACTION | |
| control field | 20211209081122.0 |
| 008 - FIXED-LENGTH DATA ELEMENTS--GENERAL INFORMATION | |
| fixed length control field | 170125s1974 ii ||||| |||| 00| p ben d |
| 020 ## - INTERNATIONAL STANDARD BOOK NUMBER | |
| Terms of availability | : Tk. 4.00 |
| 035 ## - SYSTEM CONTROL NUMBER | |
| System control number | (BD-RjUL)62865 |
| 040 ## - CATALOGING SOURCE | |
| Original cataloging agency | BD-RjUL |
| Language of cataloging | ben |
| Transcribing agency | BD-RjUL |
| 041 ## - LANGUAGE CODE | |
| Language code of text/sound track or separate title | ben |
| 082 ## - DEWEY DECIMAL CLASSIFICATION NUMBER | |
| Edition number | 23 |
| Classification number | 831 |
| Author mark and year | HEH 1974 |
| 100 ## - MAIN ENTRY--PERSONAL NAME | |
| Personal name | হাইন |
| 9 (RLIN) | 186488 |
| 245 10 - TITLE STATEMENT | |
| Title | হাইনের কবিতা / |
| Statement of responsibility, etc. | হাইন ; সম্পাদনা চিত্তরঞ্জন ঘোষ |
| 260 ## - PUBLICATION, DISTRIBUTION, ETC. (IMPRINT) | |
| Place of publication, distribution, etc. | কলিকাতা : |
| Name of publisher, distributor, etc. | পঞ্চানন সাহা, |
| Date of publication, distribution, etc. | ১৯৭৪ |
| 300 ## - PHYSICAL DESCRIPTION | |
| Pagination | ৩৪ পৃ. ; |
| Size | ২৩ সেমি. |
| 650 ## - SUBJECT ADDED ENTRY--TOPICAL TERM | |
| Topical term or geographic name as entry element | জার্মানি কবিতা |
| 9 (RLIN) | 178187 |
| Topical term or geographic name as entry element | German Poetry |
| 9 (RLIN) | 186489 |
| 700 ## - ADDED ENTRY--PERSONAL NAME | |
| Personal name | ঘোষ, চিত্তরঞ্জন, সম্পাদক |
| 942 ## - ADDED ENTRY ELEMENTS (KOHA) | |
| Source of classification or shelving scheme | Dewey Decimal Classification |
| Koha item type | Books |
| Lost status | Source of classification or shelving scheme | Damaged status | Not for loan | Collection code | Permanent Location | Current Location | Shelving location | Date acquired | Source of acquisition | Cost, normal purchase price | Total Checkouts | Full call number | Date last seen | Copy number | Koha item type |
|---|---|---|---|---|---|---|---|---|---|---|---|---|---|---|---|
| Dewey Decimal Classification | Not For Loan | Non-fiction | Central Library, University of Rajshahi | Central Library, University of Rajshahi | Reading Room | 05/06/1984 | Paragogn Enterprise, Dhaka | 4.00 | B 831 HEH 1974 | 25/01/2017 | C-1 | Books |